Vidaurre contra Vidaurre. Volumen 1§. Curso de Derecho Eclesiástico. Dedicado al señor Doctor D. José Manuel Pasquel, canónigo y vicario jeneral de esta santa Iglesia Metropolitana de Lima
Gespeichert in:
| 1. Verfasser: | |
|---|---|
| Format: | Buch |
| Sprache: | Spanisch |
| Veröffentlicht: |
Lima
Imprenta del Comercio, por J. Monterola
1839
|
| Ausgabe: | 1a. ed |
| Schlagworte: | |
| Tags: |
Tag hinzufügen
Keine Tags, Fügen Sie den ersten Tag hinzu!
|
MARC
| LEADER | 00000nam a2200000 a 4500 | ||
|---|---|---|---|
| 001 | UCJ6824 | ||
| 003 | CL-VaPUC | ||
| 008 | 070124e18390000PE |||||||||||||||||spa|d | ||
| 082 | 0 | 4 | |a 262 |b VID |2 21 |
| 100 | 0 | |a Vidaurre, M. L |e author |9 514210 | |
| 245 | 1 | 0 | |a Vidaurre contra Vidaurre. Volumen 1§. Curso de Derecho Eclesiástico. Dedicado al señor Doctor D. José Manuel Pasquel, canónigo y vicario jeneral de esta santa Iglesia Metropolitana de Lima |
| 250 | |a 1a. ed | ||
| 300 | |a 195 p | ||
| 942 | |c BK | ||
| 945 | |d 20070124 00:00:00 |a rinostro | ||
| 260 | |a Lima |b Imprenta del Comercio, por J. Monterola |c 1839 | ||
| 500 | |a Advierte errata.- Empastado junto a otros escritos en un volumen rotulado VIDAURRE.- SEMINARIO.- MARCA MARTILLO; ubicado en 262 VID | ||
| 600 | 0 | 7 | |a PASQUEL, JOSE MANUEL |2 CL-VaPUC |9 514211 |
| 650 | 7 | |a DERECHO CANONICO |2 CL-VaPUC |9 514212 | |
| 650 | 7 | |a TRADICION |2 CL-VaPUC |9 375988 | |
| 650 | 0 | |a Sagradas escrituras |9 349657 | |
| 650 | 0 | |a Teología dogmática |9 313198 | |
| 583 | |a last modification |c 20070124 00:00:00 |k Rodrigo Vera | ||
| 999 | |c 322926 |d 322924 | ||
| 952 | |0 0 |1 0 |4 0 |6 262_000000000000000_VID_1839 |7 0 |8 X |9 402091 |a FDOBUD |b FDOBUD |d 2019-11-22 |i 1053531 |o 262 VID 1839 |p 1053531 |r 2019-11-22 |w 2019-11-22 |y BK_X |k BUD | ||